Central Library OPAC University of Rajshahi

Viruses of plants : (Record no. 53807)

MARC details
000 -LEADER
fixed length control field 01362nam a2200289 a 4500
001 - CONTROL NUMBER
control field 53807
003 - CONTROL NUMBER IDENTIFIER
rucl marc code BD-RjUL
005 - DATE AND TIME OF LATEST TRANSACTION
control field 20211209080025.0
008 - FIXED-LENGTH DATA ELEMENTS--GENERAL INFORMATION
fixed length control field 161026s1966 enka 001 0 eng
035 ## - SYSTEM CONTROL NUMBER
System control number (BD-RjUL)53929
040 ## - CATALOGING SOURCE
Original cataloging agency DLC
Transcribing agency OBE
Modifying agency OBE
-- BD-RjUL
Language of cataloging eng
041 ## - LANGUAGE CODE
Language code of text/sound track or separate title eng
082 ## - DEWEY DECIMAL CLASSIFICATION NUMBER
Classification number 632.8
Author mark and year VIR 1966
111 2# - MAIN ENTRY--MEETING NAME
Meeting name or jurisdiction name as entry element International Conference on Plant Viruses
Date of meeting (1965 :
Location of meeting Wageningen)
9 (RLIN) 160720
245 10 - TITLE STATEMENT
Title Viruses of plants :
Remainder of title their isolation, purification, and characterization: the mechanism of plant virus infection, synthesis of viral protein and viral nucleic acid, and plant reactions evoked by viruses; proceedings /
Statement of responsibility, etc. Edited by A.B.R. Beemster and Jeanne Dijkstra.
260 ## - PUBLICATION, DISTRIBUTION, ETC. (IMPRINT)
Place of publication, distribution, etc. Amsterdam :
Name of publisher, distributor, etc. North-Holland Pub. Co. ;
Place of publication, distribution, etc. New York :
Name of publisher, distributor, etc. Wiley,
Date of publication, distribution, etc. 1966.
300 ## - PHYSICAL DESCRIPTION
Pagination vii, 342 p. :
Illustrations ill. ;
Size 23cm.
500 ## - GENERAL NOTE
General note Sponsored by the Laboratory of Virology and the Institute of Phytopathological Research, Wageningen.
650 #0 - SUBJECT ADDED ENTRY--TOPICAL TERM
Topical term or geographic name as entry element Virus diseases of plants
General subdivision Congresses.
9 (RLIN) 160713
Topical term or geographic name as entry element Viruses
General subdivision Congresses.
9 (RLIN) 160714
700 1# - ADDED ENTRY--PERSONAL NAME
Personal name Beemster, A. B. R.
Personal name Dijkstra, Jeanne.
710 2# - ADDED ENTRY--CORPORATE NAME
Corporate name or jurisdiction name as entry element Instituut voor Plantenziektenkundig Onderzoek (Wageningen, Netherlands)
9 (RLIN) 160717
Corporate name or jurisdiction name as entry element Wageningen (Netherlands).
Subordinate unit Landbouwhogeschool.
-- Laboratorium voor Virologie.
9 (RLIN) 160718
942 ## - ADDED ENTRY ELEMENTS (KOHA)
Source of classification or shelving scheme Dewey Decimal Classification
Koha item type Books
Holdings
Lost status Source of classification or shelving scheme Damaged status Not for loan Collection code Permanent Location Current Location Shelving location Date acquired Source of acquisition Cost, normal purchase price Total Checkouts Full call number Date last seen Copy number Koha item type
  Dewey Decimal Classification     Non-fiction Central Library, University of Rajshahi Central Library, University of Rajshahi   30/10/1970 Sweets & Zuitlinger 106.00   632.8 VIR 1966 26/10/2016 C-2 Books
  Dewey Decimal Classification     Non-fiction Central Library, University of Rajshahi Central Library, University of Rajshahi     Swits & Zillinger 106.00   632.8 VIR 1966 27/11/2016 C-3 Books